书目信息 |
| 题名: |
Linux宝典
|
|
| 作者: | 王自东 译 | |
| 分册: | ||
| 出版信息: | 北京 电子工业出版社 2002.1 |
|
| 页数: | 567页 | |
| 开本: | 26cm | |
| 丛书名: | ||
| 单 册: | ||
| 中图分类: | TP316.89 | |
| 科图分类: | ||
| 主题词: | 软件 | |
| 电子资源: | ||
| ISBN: | 7-5053-6981-4 | |
| 000 | 00533nam0 2200193 45 | |
| 001 | 0231290243 | |
| 005 | 2002052008412995 | |
| 010 | @a7-5053-6981-4@dRMB 59.00 | |
| 100 | @a20020520d2002 km y0chiy0120 ea | |
| 101 | 0 | @achi |
| 102 | @aCN@b110000 | |
| 200 | 1 | @aLinux宝典@ALinux Bao Dian@f王自东等译@FWang Zi Dong Deng Yi |
| 210 | @a北京@c电子工业出版社@d2002.1 | |
| 215 | @a567页@d26cm | |
| 606 | 0 | @a软件 |
| 690 | @aTP316.89@v3 | |
| 701 | 0 | @a王自东@AWang Zi Dong@4译 |
| 801 | 0 | @aCN@bPFT@c20020520 |
| 905 | @a安徽大学@dTP316.89@eW480 | |
| Linux宝典/王自东等译.-北京:电子工业出版社,2002.1 |
| 567页;26cm |
| ISBN 7-5053-6981-4:RMB 59.00 |
| ● |
| 相关链接 |
|
|
|
正题名:Linux宝典
索取号:TP316.89/W480
 
预约/预借
| 序号 | 登录号 | 条形码 | 馆藏地/架位号 | 状态 | 备注 |
| 1 | 354689 | 203546895 | 自科库301/301自科库 59排3列2层/ [索取号:TP316.89/W480] | 在馆 | |
| 2 | 354690 | 203546902 | 自科库301/301自科库 59排3列2层/ [索取号:TP316.89/W480] | 在馆 |